खुशा बख्श पुस्तकालय (Record no. 985802)

MARC details
000 -LEADER
fixed length control field 00399nam a2200133Ia 4500
008 - FIXED-LENGTH DATA ELEMENTS--GENERAL INFORMATION
fixed length control field 151001s9999||||xx |||||||||||||| ||und||
100 ## - MAIN ENTRY--PERSONAL NAME
Personal name बक्श ओरिएन्तल खुदा
245 ## - TITLE STATEMENT
Title खुशा बख्श पुस्तकालय
250 ## - EDITION STATEMENT
Edition statement 1
260 ## - PUBLICATION, DISTRIBUTION, ETC. (IMPRINT)
Name of publisher, distributor, etc खुदाबख्श ओरीयंटल
260 ## - PUBLICATION, DISTRIBUTION, ETC. (IMPRINT)
Date of publication, distribution, etc 2004
300 ## - PHYSICAL DESCRIPTION
Extent 123
365 ## - TRADE PRICE
Price amount 21

No items available.